|
|
|
|
| LEADER |
01160cam a2200361ua 4500 |
| 008 |
130613t2012||||||||||| 00 ||eng c |
| 020 |
|
|
|a 0-19-808551-6
|
| 041 |
0 |
|
|a eng
|
| 082 |
|
|
|a R 330.954
|b ECO
|
| 245 |
1 |
0 |
|a Economic Survey 2011-12 /
|
| 260 |
|
|
|a New Delhi:
|b Oxford University press,
|c 2012.
|
| 300 |
|
|
|a 482.
|
| 362 |
1 |
|
|a 2012.
|
| 365 |
|
|
|a Rs.350/-
|
| 650 |
|
|
|a Indian economy
|
| 650 |
0 |
|
|a India-Economy
|
| 650 |
0 |
|
|a Economic conditions-India
|
| 650 |
0 |
|
|a Macroeconomics- Macroeconomic policy
|
| 650 |
0 |
|
|a Fiscal developments- Public finance
|
| 650 |
0 |
|
|a Monetary management
|
| 650 |
0 |
|
|a Balance of payments
|
| 650 |
0 |
|
|a International trade
|
| 650 |
0 |
|
|a Agriculture and food
|
| 650 |
0 |
|
|a Industry
|
| 650 |
0 |
|
|a Service sector
|
| 650 |
0 |
|
|a Energy-Infrastructure-Communication
|
| 650 |
0 |
|
|a Sustainable development- Climate change
|
| 650 |
0 |
|
|a Human development
|
| 650 |
0 |
|
|a Global economy-India
|
| 700 |
0 |
2 |
|a Government of India,, Ministry of Finance
|
| 942 |
|
|
|c BK
|
| 999 |
|
|
|c 29090
|d 29090
|
| 952 |
|
|
|0 0
|1 0
|4 0
|6 R_330_954000000000000_EC
|7 0
|9 30884
|a KUCL
|b KUCL
|d 2014-05-23
|l 0
|o R 330.954 EC
|p 30759
|r 2017-03-10
|w 2014-05-23
|y BK
|